00198nam a22000977a 4500003000400000082001400004100001800018245002400036260003200060300000800092SGT a823bDES  aDESSEN SARAH  aALONG FOR THE RIDE  aLONDON bPENGUIN PUB c2009 a424